000 00549nam a2200229Ia 4500
999 _c4443
_d4443
003 0100
008 130227s9999 xx 000 0 und d
020 _a0072929065
040 _cARRUPELIB
050 _aG1046.F1A4
100 _aAllen, John Logan
_935803
245 _aStudent atlas of world politics
250 _a3rd edition
260 _bDushkin/McGraw-Hill
_aNew York
_c1988
300 _aviii
300 _b 119p 25cm
650 _bWorld politics
_y1945
_926332
650 _bWorld politics
_x Maps
_y1945
_935804
942 _2lcc
_cMONOGRAPH